[Event "Avicenna op 16th"]
[Site "Hamedan"]
[Date "2019.09.12"]
[Round "1"]
[White "Fathi, Himan"]
[Black "Daghli, Arash"]
[Result "0-1"]
[WhiteElo "2120"]
[BlackElo "2392"]
[PlyCount "90"]
[EventDate "2019.09.12"]
[EventType "swiss"]
[EventRounds "9"]
[EventCountry "IRI"]
[SourceTitle "EXT 2020"]
[Source "ChessBase"]
[SourceDate "2019.10.17"]
[SourceVersion "1"]
[SourceVersionDate "2019.10.17"]
[SourceQuality "1"]

1. e4 c5 2. Nc3 Nc6 3. g3 g6 4. Bg2 Bg7 5. d3 d6 6. Nge2 e5 7. Nd5 Nce7 8. Nec3 Be6 9. 0-0 Bxd5 10. Nxd5 Nxd5 11. exd5 Ne7 12. f4 exf4 13. Bxf4 Bxb2 14. Rb1 Bd4+ 15. Kh1 Qd7 16. Bh6 Be5 17. Qe1 f5 18. c3 Kf7 19. g4 Rhe8 20. gxf5 Nxf5 21. Bh3 Kg8 22. Qf2 Bxc3 23. Bxf5 gxf5 24. Qxf5 Qxf5 25. Rxf5 Re7 26. Rbf1 Bg7 27. Rg1 Kh8 28. Bf4 Rd7 29. Re1 b5 30. Re6 Rf8 31. Rxf8+ Bxf8 32. Kg2 b4 33. Kf3 Kg8 34. Ke3 Re7 35. Bg5 Rb7 36. Bf4 Rb6 37. Re8 Kf7 38. Rc8 Ra6 39. Ke4 Be7 40. Rc7 Ke8 41. Kf5 Rxa2 42. Rb7 a5 43. Bxd6 Bxd6 44. Ke6 Bxh2 45. Rxh7 Re2+ 0-1

[Event "Avicenna op-B 15th"]
[Site "Hamedan"]
[Date "2018.08.24"]
[Round "11"]
[White "Aadeli, Arvin"]
[Black "Fathi, Himan"]
[Result "1/2-1/2"]
[WhiteElo "2057"]
[BlackElo "1891"]
[PlyCount "94"]
[EventDate "2018.08.17"]
[EventType "swiss"]
[EventRounds "11"]
[EventCountry "IRI"]
[SourceTitle "EXT 2019"]
[Source "ChessBase"]
[SourceDate "2018.10.10"]
[SourceVersion "1"]
[SourceVersionDate "2018.10.10"]
[SourceQuality "1"]

1. e4 c5 2. Nf3 Nc6 3. Bb5 g6 4. Bxc6 dxc6 5. d3 Bg7 6. Nc3 Nf6 7. h3 0-0 8. Be3 b6 9. Qd2 Ne8 10. Bh6 Nc7 11. 0-0-0 Ne6 12. h4 Qc7 13. Ne2 f6 14. Bxg7 Kxg7 15. h5 g5 16. h6+ Kh8 17. Kb1 Rg8 18. Qc3 Nf4 19. Ng3 Bg4 20. e5 Nd5 21. Qe1 f5 22. c4 Nf4 23. e6 Rg6 24. Ne5 Bxd1 25. Qc3 Rf6 26. Nd7 Nxe6 27. Nxf6 Nd4 28. Nxf5 Bc2+ 29. Ka1 exf6 30. Nxd4 cxd4 31. Qxc2 Qe5 32. a3 a5 33. Qd1 Re8 34. Qg4 c5 35. Ka2 Qe6 36. Qf3 Rb8 37. Re1 Qf7 38. a4 Qg6 39. Re6 Rf8 40. Rxb6 Qxh6 41. Ra6 Qg7 42. Rxa5 Qe7 43. Ra8 Kg7 44. Rxf8 Qxf8 45. a5 Qc8 46. Qd5 Qc7 47. b4 Qf4 1/2-1/2

[Event "Hamadan Iran op 11th"]
[Site "Hamadan"]
[Date "2012.07.12"]
[Round "2"]
[White "Fathi, Himan"]
[Black "Ahmadinia, Ebrahim"]
[Result "0-1"]
[WhiteElo "1978"]
[BlackElo "2365"]
[PlyCount "40"]
[EventDate "2012.07.11"]
[EventType "swiss"]
[EventRounds "11"]
[EventCountry "IRI"]
[SourceTitle "CBM 149 Extra"]
[Source "ChessBase"]
[SourceDate "2012.08.24"]
[SourceVersion "1"]
[SourceVersionDate "2012.08.24"]
[SourceQuality "1"]

1. e4 g6 2. d4 Bg7 3. Nf3 d6 4. Nc3 Nf6 5. Be3 c6 6. Qd2 Nbd7 7. Bh6 0-0 8. h4 Bxh6 9. Qxh6 Ng4 10. Qf4 h5 11. Ng5 e5 12. dxe5 dxe5 13. Qd2 Qb6 14. Bc4 Qxb2 15. Rb1 Qa3 16. 0-0 Qe7 17. Rbd1 Nc5 18. Qd6 Qxd6 19. Rxd6 Kg7 20. f3 Ne3 0-1